000
00260nam a2200097Ia 4500
008
220216s9999 xx 000 0 und d
245
0
_a
Report of committee on legislation: Plantation sector
260
_b
Planters Chronicle
_c
2007
300
_a
31-38
942
_c
JS
999
_c
66751
_d
66751